[Event "DEM U18w 2020"]
[Site "Willingen GER"]
[Date "2020.10.21"]
[Round "2"]
[White "Schneider, Jana"]
[Black "Mundt, Alexandra"]
[Result "1-0"]
[Termination "normal"]
[Board "1"]
[WhiteTitle "FM"]
[WhiteElo "2270"]
[BlackElo "1786"]
[WhiteClock "00:44:00"]
[BlackClock "00:01:57"]
[PlyCount "63"]
[WhiteFideId "12924997"]
[BlackFideId "16217276"]
[EventCountry "GER"]
[EventRounds "7"]
[EventType "swiss"]
[EventDate "2020.10.19"]

1. e4 {[%clk 1:30:56]} e5 {[%clk 1:30:56]} 2. Bc4 {[%clk 1:31:14]} Nf6 {[%clk
1:30:31]} 3. d3 {[%clk 1:31:36]} Nc6 {[%clk 1:28:56]} 4. Nf3 {[%clk 1:31:53]}
Be7 {[%clk 1:28:02]} 5. O-O {[%clk 1:30:08]} d6 {[%clk 1:27:52]} 6. c3 {[%clk
1:28:21]} Bg4 {[%clk 1:25:14]} 7. Nbd2 {[%clk 1:27:33]} O-O {[%clk 1:19:30]} 8.
h3 {[%clk 1:26:34]} Bh5 {[%clk 1:15:46]} 9. a4 {[%clk 1:25:34]} Qd7 {[%clk
1:08:16]} 10. Re1 {[%clk 1:24:25]} Rad8 {[%clk 1:00:58]} 11. Nf1 {[%clk
1:18:34]} Bg6 {[%clk 0:53:14]} 12. Ne3 {[%clk 1:03:05]} Rfe8 {[%clk 0:43:42]}
13. a5 {[%clk 1:01:54]} Qc8 {[%clk 0:35:01]} 14. a6 {[%clk 1:00:36]} Nb8 {[%clk
0:25:21]} 15. axb7 {[%clk 1:00:33]} Qxb7 {[%clk 0:25:43]} 16. Qa4 {[%clk
1:00:17]} a6 {[%clk 0:20:40]} 17. b4 {[%clk 0:57:00]} c6 {[%clk 0:18:53]} 18.
Bxa6 {[%clk 0:56:16]} Nxa6 {[%clk 0:19:06]} 19. Qxa6 {[%clk 0:56:42]} Qd7
{[%clk 0:17:02]} 20. Nc4 {[%clk 0:52:01]} Ra8 {[%clk 0:11:47]} 21. Qxa8 {[%clk
0:52:00]} Rxa8 {[%clk 0:12:13]} 22. Rxa8+ {[%clk 0:52:18]} Bf8 {[%clk 0:12:40]}
23. Be3 {[%clk 0:51:57]} h6 {[%clk 0:12:17]} 24. Rea1 {[%clk 0:50:26]} Qe6
{[%clk 0:11:11]} 25. Rd8 {[%clk 0:47:34]} Bxe4 {[%clk 0:05:53]} 26. Raa8 {[%clk
0:45:39]} Nh7 {[%clk 0:06:16]} 27. Rxd6 {[%clk 0:45:43]} Qf5 {[%clk 0:04:02]}
28. dxe4 {[%clk 0:46:04]} Qxe4 {[%clk 0:04:26]} 29. Ncxe5 {[%clk 0:45:22]} c5
{[%clk 0:02:41]} 30. Rdd8 {[%clk 0:45:36]} cxb4 {[%clk 0:02:52]} 31. cxb4
{[%clk 0:43:49]} Qxb4 {[%clk 0:01:57]} 32. Nd7 {[%clk 0:44:00]} 1-0

[Event "DEM U18w 2020"]
[Site "Willingen GER"]
[Date "2020.10.21"]
[Round "2"]
[White "Naumenko, Valerija"]
[Black "Müdder, Melanie"]
[Result "1-0"]
[Termination "normal"]
[Board "2"]
[WhiteElo "1678"]
[BlackElo "2039"]
[WhiteClock "00:27:49"]
[BlackClock "00:03:52"]
[PlyCount "53"]
[WhiteFideId "16222890"]
[BlackFideId "12994103"]
[EventCountry "GER"]
[EventRounds "7"]
[EventType "swiss"]
[EventDate "2020.10.19"]

1. e4 {[%clk 1:30:58]} c5 {[%clk 1:30:55]} 2. Nc3 {[%clk 1:31:22]} Nc6 {[%clk
1:31:10]} 3. f4 {[%clk 1:31:44]} g6 {[%clk 1:31:01]} 4. Nf3 {[%clk 1:32:09]}
Bg7 {[%clk 1:31:03]} 5. Bb5 {[%clk 1:31:42]} Nd4 {[%clk 1:31:25]} 6. O-O {[%clk
1:31:59]} a6 {[%clk 1:29:11]} 7. Bd3 {[%clk 1:31:28]} d6 {[%clk 1:16:28]} 8.
Nxd4 {[%clk 1:29:28]} cxd4 {[%clk 1:15:01]} 9. Ne2 {[%clk 1:29:48]} Nf6 {[%clk
1:12:59]} 10. Kh1 {[%clk 1:28:15]} Nd7 {[%clk 1:08:16]} 11. b4 {[%clk 1:26:24]}
Qb6 {[%clk 1:03:06]} 12. a3 {[%clk 1:22:28]} a5 {[%clk 0:57:12]} 13. Bb2 {[%clk
1:18:00]} O-O {[%clk 0:47:36]} 14. Qe1 {[%clk 0:56:46]} e5 {[%clk 0:38:43]} 15.
c3 {[%clk 0:56:40]} axb4 {[%clk 0:33:25]} 16. axb4 {[%clk 0:56:56]} Rxa1 {[%clk
0:33:02]} 17. Qxa1 {[%clk 0:57:13]} dxc3 {[%clk 0:27:56]} 18. Bxc3 {[%clk
0:57:10]} Nf6 {[%clk 0:24:04]} 19. fxe5 {[%clk 0:51:13]} Ng4 {[%clk 0:21:50]}
20. Bd4 {[%clk 0:49:08]} Qxb4 {[%clk 0:19:56]} 21. exd6 {[%clk 0:40:55]} f6
{[%clk 0:09:50]} 22. Qa2+ {[%clk 0:27:22]} Kh8 {[%clk 0:09:54]} 23. h3 {[%clk
0:27:00]} Ne5 {[%clk 0:08:11]} 24. Bxe5 {[%clk 0:26:45]} fxe5 {[%clk 0:08:13]}
25. Rxf8+ {[%clk 0:27:10]} Bxf8 {[%clk 0:08:34]} 26. Qf7 {[%clk 0:27:31]} Qxd6
{[%clk 0:03:52]} 27. Bc4 {[%clk 0:27:49]} 1-0

[Event "DEM U18w 2020"]
[Site "Willingen GER"]
[Date "2020.10.21"]
[Round "2"]
[White "Kobald, Jacqueline"]
[Black "Grining, Maria"]
[Result "1-0"]
[Termination "normal"]
[Board "3"]
[WhiteElo "1955"]
[BlackElo "1768"]
[WhiteClock "00:11:20"]
[BlackClock "00:06:43"]
[PlyCount "131"]
[WhiteFideId "12988162"]
[BlackFideId "16235037"]
[EventCountry "GER"]
[EventRounds "7"]
[EventType "swiss"]
[EventDate "2020.10.19"]

1. e4 {[%clk 1:30:56]} c5 {[%clk 1:30:54]} 2. Nf3 {[%clk 1:31:18]} Nc6 {[%clk
1:31:17]} 3. d4 {[%clk 1:31:28]} cxd4 {[%clk 1:31:38]} 4. Nxd4 {[%clk 1:31:52]}
g6 {[%clk 1:31:31]} 5. Nc3 {[%clk 1:31:22]} Bg7 {[%clk 1:31:27]} 6. Be3 {[%clk
1:31:38]} Nf6 {[%clk 1:30:19]} 7. Bc4 {[%clk 1:29:31]} Qa5 {[%clk 1:28:57]} 8.
O-O {[%clk 1:27:32]} O-O {[%clk 1:27:38]} 9. Bb3 {[%clk 1:27:27]} d6 {[%clk
1:27:17]} 10. h3 {[%clk 1:27:03]} Bd7 {[%clk 1:25:12]} 11. Re1 {[%clk 1:19:33]}
Rac8 {[%clk 1:17:36]} 12. f4 {[%clk 1:18:54]} Qh5 {[%clk 0:50:28]} 13. Bf2
{[%clk 0:54:04]} Qxd1 {[%clk 0:41:03]} 14. Raxd1 {[%clk 0:54:23]} Nxd4 {[%clk
0:41:15]} 15. Bxd4 {[%clk 0:54:31]} Nh5 {[%clk 0:37:08]} 16. Nd5 {[%clk
0:41:55]} Rfe8 {[%clk 0:35:03]} 17. f5 {[%clk 0:26:48]} e6 {[%clk 0:25:44]} 18.
fxe6 {[%clk 0:25:44]} Bxe6 {[%clk 0:19:55]} 19. c3 {[%clk 0:22:42]} Bxd4+
{[%clk 0:17:25]} 20. Rxd4 {[%clk 0:20:00]} Kg7 {[%clk 0:16:50]} 21. Ba4 {[%clk
0:15:32]} Red8 {[%clk 0:16:06]} 22. Red1 {[%clk 0:14:53]} Ng3 {[%clk 0:13:48]}
23. Kf2 {[%clk 0:12:38]} Bxd5 {[%clk 0:13:05]} 24. exd5 {[%clk 0:10:46]} Nf5
{[%clk 0:11:59]} 25. Rb4 {[%clk 0:09:26]} Rc7 {[%clk 0:12:01]} 26. g4 {[%clk
0:09:15]} Ne7 {[%clk 0:11:33]} 27. Re4 {[%clk 0:08:15]} f5 {[%clk 0:05:49]} 28.
Re6 {[%clk 0:07:33]} Kf7 {[%clk 0:05:28]} 29. Bb3 {[%clk 0:06:25]} b5 {[%clk
0:04:42]} 30. Kg3 {[%clk 0:05:39]} Nc8 {[%clk 0:03:19]} 31. gxf5 {[%clk
0:05:10]} Re7 {[%clk 0:02:18]} 32. fxg6+ {[%clk 0:05:06]} hxg6 {[%clk 0:02:39]}
33. Rf1+ {[%clk 0:04:01]} Kg7 {[%clk 0:02:51]} 34. Bc2 {[%clk 0:03:22]} Rxe6
{[%clk 0:01:46]} 35. dxe6 {[%clk 0:03:49]} Re8 {[%clk 0:01:39]} 36. Rf7+ {[%clk
0:03:43]} Kh6 {[%clk 0:00:58]} 37. Rc7 {[%clk 0:03:25]} Nb6 38. Bb3 {[%clk
0:02:20]} Nc4 {[%clk 0:00:50]} 39. Bxc4 {[%clk 0:02:23]} bxc4 40. e7 {[%clk
0:02:19]} a5 {[%clk 0:01:33]} 41. Kg4 {[%clk 0:01:46]} Kg7 {[%clk 0:00:35]} 42.
Kg5 {[%clk 0:25:20]} Kf7 {[%clk 0:26:07]} 43. h4 {[%clk 0:22:48]} d5 {[%clk
0:23:38]} 44. Ra7 {[%clk 0:20:52]} a4 {[%clk 0:23:28]} 45. Kf4 {[%clk 0:17:14]}
Kf6 {[%clk 0:20:38]} 46. a3 {[%clk 0:16:45]} Ke6 {[%clk 0:15:54]} 47. Ra6+
{[%clk 0:14:58]} Kf7 {[%clk 0:13:17]} 48. Kg5 {[%clk 0:12:01]} Rxe7 {[%clk
0:11:22]} 49. Rf6+ {[%clk 0:12:17]} Ke8 {[%clk 0:09:22]} 50. Kxg6 {[%clk
0:12:31]} Re2 {[%clk 0:09:35]} 51. Rb6 {[%clk 0:12:25]} Rg2+ {[%clk 0:09:25]}
52. Kf5 {[%clk 0:12:26]} Kf7 {[%clk 0:06:16]} 53. Rb7+ {[%clk 0:12:28]} Kg8
{[%clk 0:06:21]} 54. Ke5 {[%clk 0:10:43]} Rh2 {[%clk 0:06:08]} 55. Kxd5 {[%clk
0:10:55]} Rxh4 {[%clk 0:06:19]} 56. Rb4 {[%clk 0:11:01]} Rh5+ {[%clk 0:05:25]}
57. Kxc4 {[%clk 0:11:20]} Ra5 {[%clk 0:05:45]} 58. Rb7 {[%clk 0:11:26]} Kf8
{[%clk 0:05:50]} 59. Kb4 {[%clk 0:11:45]} Ra6 {[%clk 0:06:06]} 60. c4 {[%clk
0:11:59]} Ke8 {[%clk 0:06:26]} 61. Kb5 {[%clk 0:12:09]} Ra8 {[%clk 0:06:43]}
62. c5 {[%clk 0:12:17]} Kd8 {[%clk 0:07:02]} 63. c6 {[%clk 0:12:02]} Kc8 {[%clk
0:07:08]} 64. Kb6 {[%clk 0:11:13]} Kd8 {[%clk 0:07:09]} 65. c7+ {[%clk
0:11:08]} Kc8 {[%clk 0:06:43]} 66. Rb8+ {[%clk 0:11:20]} 1-0

[Event "DEM U18w 2020"]
[Site "Willingen GER"]
[Date "2020.10.21"]
[Round "2"]
[White "Fock, Amina"]
[Black "Minneken, Swantje"]
[Result "1-0"]
[Termination "normal"]
[Board "4"]
[WhiteElo "1840"]
[BlackElo "1322"]
[WhiteClock "00:01:48"]
[BlackClock "00:40:00"]
[PlyCount "79"]
[WhiteFideId "12981982"]
[BlackFideId "16261526"]
[EventCountry "GER"]
[EventRounds "7"]
[EventType "swiss"]
[EventDate "2020.10.19"]

1. e4 {[%clk 1:30:57]} c6 {[%clk 1:30:46]} 2. d4 {[%clk 1:31:16]} d5 {[%clk
1:31:04]} 3. Nd2 {[%clk 1:31:35]} dxe4 {[%clk 1:31:20]} 4. Nxe4 {[%clk
1:32:00]} Bf5 {[%clk 1:31:34]} 5. Ng3 {[%clk 1:32:22]} Bg6 {[%clk 1:31:54]} 6.
h4 {[%clk 1:32:40]} h6 {[%clk 1:32:12]} 7. Nf3 {[%clk 1:33:06]} Nd7 {[%clk
1:32:33]} 8. h5 {[%clk 1:33:29]} Bh7 {[%clk 1:32:51]} 9. Bd3 {[%clk 1:33:53]}
Bxd3 {[%clk 1:33:12]} 10. Qxd3 {[%clk 1:34:19]} Ngf6 {[%clk 1:33:27]} 11. Bf4
{[%clk 1:34:00]} e6 {[%clk 1:33:11]} 12. O-O-O {[%clk 1:32:21]} Qa5 {[%clk
1:31:03]} 13. Kb1 {[%clk 1:30:56]} O-O-O {[%clk 1:30:40]} 14. Bd2 {[%clk
1:15:59]} Qb6 {[%clk 1:27:09]} 15. c4 {[%clk 1:10:38]} Be7 {[%clk 1:16:09]} 16.
Qe2 {[%clk 1:06:49]} Rhe8 {[%clk 1:14:51]} 17. Bc3 {[%clk 1:04:33]} Bb4 {[%clk
1:11:30]} 18. Rd3 {[%clk 0:53:00]} c5 {[%clk 1:03:10]} 19. Bxb4 {[%clk
0:48:53]} Qxb4 {[%clk 1:02:44]} 20. Rb3 {[%clk 0:49:09]} Qa5 {[%clk 1:02:23]}
21. Ne5 {[%clk 0:31:34]} Rf8 {[%clk 0:58:54]} 22. Nxd7 {[%clk 0:22:12]} Nxd7
{[%clk 0:56:20]} 23. Qg4 {[%clk 0:20:52]} Rg8 {[%clk 0:55:24]} 24. Qf3 {[%clk
0:21:09]} Qc7 {[%clk 0:54:50]} 25. Qxf7 {[%clk 0:20:36]} cxd4 {[%clk 0:52:46]}
26. Qxe6 {[%clk 0:18:58]} Rge8 {[%clk 0:52:25]} 27. Qg4 {[%clk 0:18:52]} Qe5
{[%clk 0:51:31]} 28. Rb5 {[%clk 0:17:52]} Qf6 {[%clk 0:50:38]} 29. Ne4 {[%clk
0:08:08]} Qe7 {[%clk 0:50:04]} 30. f3 {[%clk 0:08:05]} Kb8 {[%clk 0:47:04]} 31.
Qg3+ {[%clk 0:07:38]} Ka8 {[%clk 0:46:17]} 32. Nd6 {[%clk 0:07:30]} Rg8 {[%clk
0:43:57]} 33. Nxb7 {[%clk 0:07:06]} Nb6 {[%clk 0:42:37]} 34. Nxd8 {[%clk
0:07:05]} Rxd8 {[%clk 0:42:46]} 35. Qe5 {[%clk 0:03:59]} Qd7 {[%clk 0:42:27]}
36. Qe4+ {[%clk 0:03:50]} Kb8 {[%clk 0:42:12]} 37. Rd1 {[%clk 0:01:58]} Kc7
{[%clk 0:41:13]} 38. Re5 {[%clk 0:01:18]} Kc8 {[%clk 0:40:10]} 39. Re7 {[%clk
0:01:27]} Qa4 {[%clk 0:40:00]} 40. Qb7# {[%clk 0:01:48]} 1-0

[Event "DEM U18w 2020"]
[Site "Willingen GER"]
[Date "2020.10.21"]
[Round "2"]
[White "Nizamova, Rita"]
[Black "Sokolowski, Judith"]
[Result "1-0"]
[Termination "normal"]
[Board "6"]
[WhiteElo "1684"]
[BlackElo "1794"]
[WhiteClock "00:57:40"]
[BlackClock "00:05:21"]
[PlyCount "59"]
[WhiteFideId "16221940"]
[BlackFideId "16200624"]
[EventCountry "GER"]
[EventRounds "7"]
[EventType "swiss"]
[EventDate "2020.10.19"]

1. d4 {[%clk 1:30:57]} d5 {[%clk 1:30:55]} 2. c4 {[%clk 1:31:23]} e6 {[%clk
1:31:20]} 3. Nf3 {[%clk 1:31:46]} Nf6 {[%clk 1:31:41]} 4. Bg5 {[%clk 1:32:02]}
Nbd7 {[%clk 1:31:12]} 5. e3 {[%clk 1:32:05]} c6 {[%clk 1:31:13]} 6. Bd3 {[%clk
1:31:30]} Qa5+ {[%clk 1:27:40]} 7. Nbd2 {[%clk 1:29:52]} Ne4 {[%clk 1:22:43]}
8. O-O {[%clk 1:28:14]} Nxg5 {[%clk 1:19:21]} 9. Nxg5 {[%clk 1:24:42]} dxc4
{[%clk 1:16:30]} 10. Nxf7 {[%clk 1:22:35]} Kxf7 {[%clk 1:14:39]} 11. Nxc4
{[%clk 1:22:51]} Qd8 {[%clk 1:07:03]} 12. Qh5+ {[%clk 1:19:44]} Kg8 {[%clk
1:05:56]} 13. f4 {[%clk 1:17:54]} Nf6 {[%clk 1:00:13]} 14. Qe2 {[%clk 1:17:55]}
Be7 {[%clk 0:56:29]} 15. g4 {[%clk 1:16:18]} g6 {[%clk 0:50:13]} 16. Ne5 {[%clk
1:11:13]} Kg7 {[%clk 0:45:35]} 17. h4 {[%clk 1:08:49]} Nd7 {[%clk 0:41:52]} 18.
h5 {[%clk 1:08:09]} Nxe5 {[%clk 0:34:16]} 19. dxe5 {[%clk 1:07:59]} Rg8 {[%clk
0:29:51]} 20. Rad1 {[%clk 1:07:58]} Qb6 {[%clk 0:28:14]} 21. Rf3 {[%clk
1:05:29]} gxh5 {[%clk 0:24:34]} 22. g5 {[%clk 1:05:47]} Bc5 {[%clk 0:23:42]}
23. a3 {[%clk 1:04:12]} a5 {[%clk 0:23:18]} 24. Rh3 {[%clk 1:04:11]} Rh8 {[%clk
0:22:03]} 25. Qxh5 {[%clk 1:01:53]} Qc7 {[%clk 0:17:31]} 26. Qxh7+ {[%clk
0:58:04]} Rxh7 {[%clk 0:16:38]} 27. Rxh7+ {[%clk 0:57:04]} Kg8 {[%clk 0:15:48]}
28. Rxc7 {[%clk 0:57:27]} Bxe3+ {[%clk 0:13:18]} 29. Kg2 {[%clk 0:57:37]} Kf8
{[%clk 0:05:21]} 30. Bg6 {[%clk 0:57:40]} 1-0

[Event "DEM U18w 2020"]
[Site "Willingen GER"]
[Date "2020.10.21"]
[Round "2"]
[White "Dietz, Helena"]
[Black "Garbuz, Nicole"]
[Result "0-1"]
[Termination "normal"]
[Board "7"]
[WhiteElo "1463"]
[BlackElo "1719"]
[WhiteClock "00:04:54"]
[BlackClock "00:09:19"]
[PlyCount "56"]
[WhiteFideId "16239016"]
[BlackFideId "12990701"]
[EventCountry "GER"]
[EventRounds "7"]
[EventType "swiss"]
[EventDate "2020.10.19"]

1. d4 {[%clk 1:30:55]} d5 {[%clk 1:30:54]} 2. Bf4 {[%clk 1:31:18]} Nf6 {[%clk
1:31:16]} 3. e3 {[%clk 1:31:41]} c5 {[%clk 1:31:27]} 4. c3 {[%clk 1:31:57]} Nc6
{[%clk 1:31:33]} 5. Nd2 {[%clk 1:31:35]} Bf5 {[%clk 1:29:23]} 6. Ngf3 {[%clk
1:31:04]} e6 {[%clk 1:26:38]} 7. Be2 {[%clk 1:31:09]} Be7 {[%clk 1:24:28]} 8.
h3 {[%clk 1:30:33]} O-O {[%clk 1:22:41]} 9. Nh4 {[%clk 1:24:16]} Be4 {[%clk
1:12:27]} 10. f3 {[%clk 1:18:42]} Nh5 {[%clk 1:04:32]} 11. fxe4 {[%clk
1:12:06]} Bxh4+ {[%clk 1:04:07]} 12. Kf1 {[%clk 1:08:56]} Ng3+ {[%clk 0:55:02]}
13. Bxg3 {[%clk 1:08:43]} Bxg3 {[%clk 0:55:28]} 14. Bf3 {[%clk 1:07:57]} Qg5
{[%clk 0:49:06]} 15. Qe2 {[%clk 0:58:25]} cxd4 {[%clk 0:45:33]} 16. exd4 {[%clk
0:56:02]} Rad8 {[%clk 0:37:20]} 17. Rd1 {[%clk 0:41:37]} Rfe8 {[%clk 0:25:05]}
18. Qd3 {[%clk 0:32:48]} b5 {[%clk 0:19:46]} 19. b3 b4 20. Bg4 {[%clk 0:14:05]}
Qf4+ {[%clk 0:19:50]} 21. Bf3 {[%clk 0:14:17]} bxc3 {[%clk 0:18:04]} 22. Qxc3
{[%clk 0:12:55]} Rc8 23. Ke2 {[%clk 0:12:55]} Qf6 {[%clk 0:13:11]} 24. Nf1
{[%clk 0:11:26]} dxe4 {[%clk 0:12:43]} 25. Nxg3 {[%clk 0:10:34]} exf3+ {[%clk
0:13:02]} 26. gxf3 {[%clk 0:09:47]} Red8 {[%clk 0:12:14]} 27. Qb2 {[%clk
0:05:39]} Nxd4+ {[%clk 0:12:06]} 28. Kf1 {[%clk 0:04:54]} Rc2 {[%clk 0:09:19]}
0-1

[Event "DEM U18w 2020"]
[Site "Willingen GER"]
[Date "2020.10.21"]
[Round "2"]
[White "Albayrak, Berrak"]
[Black "Geletzke, Hannah"]
[Result "1/2-1/2"]
[Termination "normal"]
[Board "8"]
[WhiteElo "1433"]
[BlackElo "1624"]
[WhiteClock "00:02:27"]
[BlackClock "00:01:31"]
[PlyCount "71"]
[WhiteFideId "16241657"]
[BlackFideId "12983330"]
[EventCountry "GER"]
[EventRounds "7"]
[EventType "swiss"]
[EventDate "2020.10.19"]

1. e4 {[%clk 1:30:58]} c5 {[%clk 1:30:53]} 2. Nc3 {[%clk 1:31:24]} d6 {[%clk
1:31:14]} 3. g3 {[%clk 1:31:47]} Nc6 {[%clk 1:31:00]} 4. Bg2 {[%clk 1:32:02]}
g6 {[%clk 1:31:11]} 5. d3 {[%clk 1:32:12]} Bg7 {[%clk 1:31:01]} 6. Be3 {[%clk
1:31:39]} Nd4 {[%clk 1:29:47]} 7. Qd2 {[%clk 1:25:00]} e6 {[%clk 1:26:13]} 8.
Nd1 {[%clk 1:21:44]} Rb8 {[%clk 1:22:34]} 9. c3 {[%clk 1:20:45]} Nc6 {[%clk
1:19:45]} 10. Ne2 {[%clk 1:16:35]} b5 {[%clk 1:09:35]} 11. O-O {[%clk 1:14:01]}
Nge7 {[%clk 1:06:53]} 12. Bh6 {[%clk 1:09:01]} O-O {[%clk 1:06:26]} 13. Bxg7
{[%clk 1:09:25]} Kxg7 {[%clk 1:06:02]} 14. f4 {[%clk 1:00:41]} Ba6 {[%clk
0:37:54]} 15. f5 {[%clk 0:43:55]} exf5 {[%clk 0:11:41]} 16. exf5 {[%clk
0:43:41]} gxf5 {[%clk 0:11:11]} 17. Qg5+ {[%clk 0:30:01]} Ng6 {[%clk 0:07:32]}
18. Qxd8 {[%clk 0:28:09]} Nxd8 {[%clk 0:07:48]} 19. Rxf5 {[%clk 0:28:22]} Bc8
{[%clk 0:04:47]} 20. Rf2 {[%clk 0:23:17]} Re8 {[%clk 0:01:53]} 21. Nf4 {[%clk
0:20:02]} Re1+ {[%clk 0:02:10]} 22. Rf1 {[%clk 0:17:35]} Rxf1+ {[%clk 0:02:27]}
23. Kxf1 {[%clk 0:16:12]} Nxf4 {[%clk 0:02:38]} 24. gxf4 {[%clk 0:16:36]} Ne6
{[%clk 0:02:35]} 25. Ne3 {[%clk 0:05:58]} Nxf4 {[%clk 0:02:42]} 26. Be4 {[%clk
0:06:09]} Bh3+ {[%clk 0:02:37]} 27. Kf2 {[%clk 0:06:07]} Ng6 {[%clk 0:01:19]}
28. Bf5 {[%clk 0:04:01]} Bxf5 {[%clk 0:00:41]} 29. Nxf5+ {[%clk 0:04:27]} Kf8
{[%clk 0:00:33]} 30. Nxd6 {[%clk 0:03:14]} Ne5 {[%clk 0:00:44]} 31. d4 {[%clk
0:01:50]} cxd4 {[%clk 0:00:52]} 32. cxd4 {[%clk 0:02:13]} Nc4 {[%clk 0:01:00]}
33. Nxc4 {[%clk 0:01:58]} bxc4 {[%clk 0:01:28]} 34. b3 {[%clk 0:01:38]} cxb3
{[%clk 0:01:14]} 35. axb3 {[%clk 0:02:07]} Rxb3 {[%clk 0:01:31]} 36. Rxa7
{[%clk 0:02:27]} 1/2-1/2

[Event "DEM U18w 2020"]
[Site "Willingen GER"]
[Date "2020.10.21"]
[Round "2"]
[White "Peglau, Sarah"]
[Black "Köpke, Carolina"]
[Result "1-0"]
[Termination "normal"]
[Board "9"]
[WhiteElo "1699"]
[BlackElo "1486"]
[WhiteClock "00:06:57"]
[BlackClock "00:06:38"]
[PlyCount "119"]
[WhiteFideId "16219961"]
[BlackFideId "16288874"]
[EventCountry "GER"]
[EventRounds "7"]
[EventType "swiss"]
[EventDate "2020.10.19"]

1. c4 {[%clk 1:30:57]} c5 {[%clk 1:30:32]} 2. Nc3 {[%clk 1:31:21]} Nc6 {[%clk
1:29:59]} 3. e3 {[%clk 1:30:29]} Nf6 {[%clk 1:28:20]} 4. d4 {[%clk 1:28:54]}
cxd4 {[%clk 1:26:11]} 5. exd4 {[%clk 1:29:21]} d5 {[%clk 1:25:57]} 6. c5 {[%clk
1:28:16]} e5 {[%clk 1:19:21]} 7. dxe5 {[%clk 1:20:25]} Nxe5 {[%clk 1:10:50]} 8.
b4 {[%clk 1:17:41]} a5 {[%clk 1:04:59]} 9. Bg5 {[%clk 1:05:21]} axb4 {[%clk
1:00:28]} 10. Bb5+ {[%clk 0:44:03]} Nc6 {[%clk 0:57:45]} 11. Bxf6 {[%clk
0:41:31]} Qxf6 {[%clk 0:57:36]} 12. Nxd5 {[%clk 0:40:55]} Qe5+ {[%clk 0:54:16]}
13. Qe2 {[%clk 0:38:48]} Qxe2+ {[%clk 0:54:36]} 14. Nxe2 {[%clk 0:39:10]} Ra5
{[%clk 0:48:50]} 15. Nd4 {[%clk 0:33:51]} Bxc5 {[%clk 0:45:16]} 16. Nb3 {[%clk
0:33:01]} Rxb5 {[%clk 0:38:05]} 17. Nc7+ {[%clk 0:33:25]} Kd8 {[%clk 0:38:10]}
18. Nxb5 {[%clk 0:33:49]} Re8+ {[%clk 0:37:38]} 19. Kf1 {[%clk 0:29:50]} Bb6
{[%clk 0:35:18]} 20. Rd1+ {[%clk 0:29:30]} Bd7 {[%clk 0:35:11]} 21. Nd6 {[%clk
0:28:50]} Re6 {[%clk 0:29:34]} 22. Nxb7+ {[%clk 0:26:56]} Kc7 {[%clk 0:29:02]}
23. N7c5 {[%clk 0:20:30]} Re7 {[%clk 0:25:31]} 24. Rxd7+ {[%clk 0:20:44]} Rxd7
{[%clk 0:25:52]} 25. Nxd7 {[%clk 0:21:10]} Kxd7 {[%clk 0:26:15]} 26. Ke2 {[%clk
0:21:29]} Ke6 {[%clk 0:25:27]} 27. Rc1 {[%clk 0:18:59]} Kd5 {[%clk 0:24:05]}
28. Rd1+ {[%clk 0:19:13]} Ke6 {[%clk 0:24:09]} 29. f3 {[%clk 0:15:59]} h6
{[%clk 0:18:07]} 30. Kd3 {[%clk 0:14:47]} Ne5+ {[%clk 0:16:49]} 31. Kc2 {[%clk
0:15:05]} Nc4 {[%clk 0:15:34]} 32. Nd4+ {[%clk 0:12:12]} Kd5 {[%clk 0:12:32]}
33. Ne2+ {[%clk 0:11:57]} Kc6 {[%clk 0:11:54]} 34. Kb3 {[%clk 0:11:37]} Ne3
{[%clk 0:10:44]} 35. Rc1+ {[%clk 0:11:56]} Bc5 {[%clk 0:09:43]} 36. Nf4 {[%clk
0:07:30]} Kb5 {[%clk 0:07:29]} 37. Nd3 {[%clk 0:07:23]} Bd6 {[%clk 0:06:43]}
38. g3 f6 {[%clk 0:01:34]} 39. Rc8 {[%clk 0:04:53]} Nf1 {[%clk 0:00:56]} 40.
Rc2 {[%clk 0:02:01]} Ne3 {[%clk 0:00:54]} 41. Re2 {[%clk 0:00:56]} Nf1 {[%clk
0:27:08]} 42. Kc2 {[%clk 0:22:09]} Kc4 {[%clk 0:24:48]} 43. Re6 {[%clk
0:18:37]} Bf8 {[%clk 0:22:06]} 44. Re8 {[%clk 0:17:47]} Bd6 {[%clk 0:21:25]}
45. Rd8 {[%clk 0:16:02]} Be7 {[%clk 0:19:56]} 46. Rd7 {[%clk 0:15:00]} Bf8
{[%clk 0:19:59]} 47. Rf7 {[%clk 0:14:02]} Bd6 {[%clk 0:19:57]} 48. Rxg7 {[%clk
0:11:39]} Nxh2 {[%clk 0:17:46]} 49. f4 {[%clk 0:10:36]} Nf1 {[%clk 0:13:59]}
50. Rg6 {[%clk 0:10:15]} Be7 {[%clk 0:12:19]} 51. g4 {[%clk 0:06:26]} Nh2
{[%clk 0:11:24]} 52. Nf2 {[%clk 0:06:04]} Bc5 {[%clk 0:09:18]} 53. Rxh6 {[%clk
0:05:44]} Bxf2 {[%clk 0:09:19]} 54. Rxh2 {[%clk 0:06:11]} Bg3 {[%clk 0:09:32]}
55. Rh6 {[%clk 0:06:23]} Bxf4 {[%clk 0:07:55]} 56. Rxf6 {[%clk 0:06:51]} Be5
{[%clk 0:06:46]} 57. g5 {[%clk 0:06:35]} Kd5 {[%clk 0:06:42]} 58. Rf5 {[%clk
0:06:54]} Ke6 {[%clk 0:06:41]} 59. Rxe5+ {[%clk 0:06:32]} Kxe5 {[%clk 0:06:38]}
60. Kb3 {[%clk 0:06:57]} 1-0